| 000 | 00838nam a22002057a 4500 | ||
|---|---|---|---|
| 999 |
_c2833 _d2833 |
||
| 003 | AR-CdUCM | ||
| 008 | 190305b ||||| |||| 00| 0 spa d | ||
| 040 |
_aMUNICIPALIDAD PROVINCIAL DEL CUSCO _cBIBLIOTECA MUNICIPAL DEL CUSCO |
||
| 082 |
_a370.61 / _bN59 |
||
| 100 |
_aNiño de Guzman Aivar, Nicolás _99841 |
||
| 245 |
_aTaller de comunicación : _bcomprensión lectora producción de textos y expresión oral / |
||
| 260 |
_aCusco : _bModerna, _c2007. |
||
| 300 |
_a144 páginas ; _c20 cm. |
||
| 505 | _aTalleres de expresión y compresión oral -- Procesamiento de la información oral -- Taller de compresión lectora -- Taller de producción de textos... | ||
| 650 |
_aComprensión lectora. _94534 |
||
| 650 |
_aProducción de textos. _99842 |
||
| 650 |
_aExpresión oral. _99843 |
||
| 942 |
_2ddc _cLIBROS |
||
| 945 |
_awfj _d2019-03-05 |
||